000 00386nam a2200145Ia 4500
008 230917s9999||||xx |||||||||||||| ||und||
040 _e46509
_aMAIN
041 _aEnglish
082 _a821.8 Y34H:C
100 _aHarper, George Mills, ed
245 2 _aA critical edition of Yeats's a vision: 1925
260 _aLondon
_bMacmillan
_c1978
300 _aVarious pages. p.
942 _cBK
999 _c198667
_d198667